Big sur y las naranjas de hieronnymus bosh /

Guardado en:
Autor Principal: Miller, Henry
Formato: Libro
Publicado: Buenos Aires : Losada, 1960
Series:Novelistas De Nuestra Epoca
Materias:
Etiquetas: Agregar Etiqueta
Sin Etiquetas, Sea el primero en etiquetar este registro!
LEADER 00620nam a22002055a 4500
001 EHU.bham024309
003 AR-BHAM
005 20130507142151.0
008 130507s1960##################000#0#####d
082 8 1 |a 813.5 
100 1 |a Miller, Henry 
245 1 0 |a Big sur y las naranjas de hieronnymus bosh /  |c Henry Miller 
260 |a Buenos Aires :  |b Losada,  |c 1960 
300 |a 324 p. 
490 0 |a Novelistas De Nuestra Epoca 
500 |a Trad. Por Luis Echavarri 
653 |a Donacion lejarraga 
653 |a Literatura 
653 |a Literatura norteamericana 
859 |a AR-BHAM  |b BIB. HUMANIDADES - General  |h 813.5  |i M614-2  |p 92.02  |t Ej.1